COMO EVANGELIZAR A LOS BAUTIZADOS/

Shranjeno v:
Bibliografske podrobnosti
Glavni avtor: Prado Flores, José H. (autor)
Format: Knjiga
Teme:
Oznake: Označite
Brez oznak, prvi označite!

MARC

LEADER 00000nam^a2200000^a^4500
001 000224085
005 20250521000000.0
009 20260310104037.884
035 |a 042641 
037 |a Acervo Xavier Clavigero 
082 |a 234. 161  |b PRA 
100 |a Prado Flores, José H.  |e (autor) 
245 1 0 |a COMO EVANGELIZAR A LOS BAUTIZADOS/  |c JOSE H. PRADO FLORES 
264 |a MEXICO :  |b KERYGMA 
300 |a 112p. :  |b retrs. 
336 |a texto  |b txt  |2 rdacontenido 
337 |a sin mediación  |b n  |2 rdamedio 
338 |a volumen  |b nc  |2 rdasoporte 
649 |a XX 
650 |a Bautismo 
650 |a Evangelización 
910 |a Fondo General 
920 |a Impresos - Libros 
930 |a Colección General 
905 |a 101 
901 |a 042641  |b IT1  |c ACC  |i 042641  |u 20250521 
902 |a https://opac.biblio.iteso.mx/vufind/Record/000224085